Регионална библиотека "Любен Каравелов" - Русе

Потерянный рай (Запис номер 503375)

MARC детайли
000 -Лидер
Контролно поле с фиксирана дължина 00799nam a2200241 c 4500
003 - Код на организацията, давaща контролен номер
Контролно поле BLK
005 - Дата и час на последна редакция
Контролно поле 20240212113020.0
008 - Елементи от данни с фиксирана дължина
fixed length control field 180411b bul|||||r ||||||| ||bul||
040 ## - Източник на каталожния запис
Идентификатор на билиотеката - собственик на записа BLK
041 ## - Код за език
Код за езика на текст/звукозапис или на отделно заглавие Руски
Код за езика КДБФ Руски
080 ## - УДК
Текстов определител УДК Английска литература
УДК код - определител по УДК 821.111
УДК определител -1
УДК - код + определител 821.111-1
100 1# - Редна дума - Автор
Автор Мильтон, Джон
Авторска отговорност първи автор
R(LIN) 300318
139 ## - Редно поле
Редна дума Мильтон, Джон
Авторски знак Мило - М 61
245 10 - Сведения за заглавието
Заглавие Потерянный рай
Редно поле (дума) Джон Мильтон; пер. с англ. Арк. Штейнберга
257 ## - Страна на издаване
Страна на създаване/издаване Русия
260 ## - Област на издателските данни
Име на издателя, разпространителя и проч. Худож. лит.
Година на издаване 1982
9 (RLIN) 212251
Място на издаване, разпространение и проч. Москва
300 ## - Физическа характеристика
Страници 414 с.
Размери/Мащаб 21 см
380 ## - Жанр
Жанр Худож. лит.
700 ## - Други автори (авторска отговорност)
Лично име Штейнберг, Аркадий Акимович
9 (RLIN) 490929
856 4# - Електронен адрес и достъп
Електронен формат pdf - файл
856 4# - Електронен адрес и достъп
Електронен формат pdf - файл
942 ## - АРТИКУЛИ
Вид на библиотечния материал Книги
Скрит в OPAC Не
Периодичен библиозапис Да
999 ## - СИСТЕМНИ КОНТРОЛНИ НОМЕРА
Koha biblionumber 503375
Koha biblioitemnumber 503375
944 ## - СЪЗДАВАНЕ И РЕДАКЦИЯ на ЗАПИСА
Създаване/Редакция
Дата на регистрацията/редакция Нора Радева
Служител, извършил регистрацията/редакцията 30545
Статус, дата на статуса Нора Радева
Наличности
Код за отписване Код за изгубен артикул Източник на класификационната схема Код за повреда Код за отдаване Артикулен № Име на библиотеката - собственик Име на библиотеката, в която се намира в момента Статус (Текущо местоположение) Дата на вписване в системата Местоположение - отдел Цена в лева Инвентарен номер Систематично азбучна сигнатура Баркод Цена в евро Служебен тип на артикула
  Не е изгубен Universal Decimal Classification Не е повреден заемане за дома 940179 Регионална библиотека "Любен Каравелов" Русе Регионална библиотека "Любен Каравелов" Русе Заемна - подръчен фонд 2024-02-12 Заемна - подръчен фонд 2.20 120000899207 821-1/М 61 Д 120000899207 1.12 Книги
Vip Innovations Ltd, Rousse, Bulgaria 2025